| 000 | 00962nam a2200265 i 4500 | ||
|---|---|---|---|
| 001 | 149727 | ||
| 003 | ES-MaACL | ||
| 005 | 20250829050158.0 | ||
| 007 | t| | ||
| 008 | 071024s1986 sp |||| | spa d | ||
| 020 | _a84-7432-240.5 | ||
| 100 | 1 |
_aVattimo, Gianni. _9113303 |
|
| 245 | 1 | 3 |
_aEl fin de la modernidad _b: nihilismo y hermenéutica en la cultura posmoderna / _cpor Gianni Vattimo ; [traducción, Alberto L. Bixio]. |
| 250 | _a1ª ed. | ||
| 260 |
_aBarcelona : _bGedisa, _c1986. |
||
| 300 |
_a159 p. ; _c23 cm. |
||
| 490 | 1 |
_aHombre y sociedad. Meditaciones ; _v14 |
|
| 600 | 1 | 4 |
_aNietzsche, Friedrich, _d1844-1900- _xCrítica e interpretación _985721 |
| 600 | 1 | 4 |
_aHeidegger, Martin- _xCrítica e interpretación. _962339 |
| 650 | 0 | 7 |
_aPostmodernismo _2embne _916329 |
| 700 | 1 |
_aBixio, Alberto Luis. _929037 |
|
| 830 | 0 | 0 |
_aHombre y sociedad. _pMeditaciones _v14 _9221107 |
| 852 |
_aES-MaACL _jL-11017 |
||
| 999 |
_c149727 _d149727 |
||